Anthropogeographie / (Record no. 162979)

MARC details
000 -LEADER
campo de control de longitud fija 00882nam a22002175i 4500
001 - NÚMERO DE CONTROL
campo de control 162979
003 - IDENTIFICADOR DE NÚMERO DE CONTROL
campo de control ES-MaACL
005 - FECHA Y HORA DE LA ÚLTIMA TRANSACCIÓN
campo de control 20250727024455.0
008 - DATOS DE LONGITUD FIJA--INFORMACIÓN GENERAL
campo de control de longitud fija 020917s1899 gw |||| | ger d
040 ## - FUENTE DE CATALOGACIÓN
Centro catalogador/agencia de origen CCPB | B
Lengua de catalogación spa
Centro/agencia transcriptor CCPB | B
100 1# - ENTRADA PRINCIPAL--NOMBRE DE PERSONA
Nombre de persona Ratzel, Friedrich.
9 (RLIN) 95540
245 10 - MENCIÓN DEL TÍTULO
Título Anthropogeographie /
Mención de responsabilidad, etc. von Friedrich Ratzel.
250 ## - MENCION DE EDICION
Mención de edición 2. Aufl.
260 ## - PUBLICACIÓN, DISTRIBUCIÓN, ETC.
Lugar de publicación, distribución, etc. Stuttgart :
Nombre del editor, distribuidor, etc. Verlag von J. Engelhorn,
Fecha de publicación, distribución, etc. 1899.
300 ## - DESCRIPCIÓN FÍSICA
Extensión 2 v. ;
Dimensiones 22 cm.
505 8# - NOTA DE CONTENIDO CON FORMATO
Nota de contenido con formato Contiene: Erster teil. Grundzüge der anwendung der erdkunde auf die geschichte (XVIII, 604 p.)
650 #7 - PUNTO DE ACCESO ADICIONAL DE MATERIA--TÉRMINO DE MATERIA
Término de materia o nombre geográfico como elemento de entrada Antropología física
Fuente del encabezamiento o término embne
9 (RLIN) 9893
752 ## - ENTRADA AGREGADA--NOMBRE JERÁRQUICO DEL LUGAR
País o entidad superior Alemania -
Ciudad Stuttgart
852 ## - LOCALIZACIÓN
Ubicación ES-MaACL
Número de control de estantería G-1228
Nota libre -- Enc. hol. conservando la rust. original
condición física -- Sólo t.I
Encuadernación -- Edic.: En port. enfrentada a la principal consta la serie: Bibliothek Geographischer Handbücher
Holdings
Estatus retirado Estado de pérdida Estado de daño No para préstamo Colección Biblioteca de origen Biblioteca actual Ubicación en estantería Fecha de adquisición Fuente de adquisición Total de préstamos Signatura topográfica completa Código de barras Visto por última vez Precio de reemplazo Tipo de ítem Koha
        Libros del s. XIX Biblioteca del Ateneo de Madrid Biblioteca del Ateneo de Madrid Depósito 2 17/01/2008     G-1228 1170760 23/02/2023 23/02/2023 Libro impreso antiguo